00527nam a22001457a 4500003000500000038001800005082000800023100002400031245011500055264003400170300002500204650005500229700004000284856005700324NUST aNusrat Nadeem a200 aMalik, Kamal Mazhar aDisturbance Rejection and Roll Over Estimation for Control of Non-Linear Robotic System/cKamal Mazhar Malik,  aIslamabad;bSMME NUST;c2024. a216,p;bill;c30,cm. aPhD- Robotics and Intelligent Machine Engineering  aSupervisor: Dr. Muhammad Jawad Khan uhttp://10.250.8.41:8080/xmlui/handle/123456789/46151